LEADER 00666naa a2200145 i 4500 001 000000293077 003 CaOOAMICUS 005 20180831172438.0 008 180831n xx u000 u und u 013 $a283 040 $aSeMil$bita 100 1 $aParedi, Angelo,$c.$0(OLS)http://semarc/name/17012 245 13$aIl Prefazio di San Dionisio e il Concilio di Milano dell'anno 355. P. 341-349. 773 0 $tScritti storici e giuridici in memoria di Alessandro Visconti.$dMilano : Cisalpino. Istituto editoriale Universitario, 1955.$w()40631 996 $6245$aIl Prefazio di San Dionisio e il Concilio di Milano dell'anno 355. P. 341-349.$9(OLS)http://semarc/title/369166 LEADER 00488nab a2200145 i 4500 001 000000314232 003 CaOOAMICUS 005 20180831173127.0 008 180831n xx uu u0 0und r 013 $a23319 040 $aSeMil$bita 100 1 $aBarra, Giovanni,$d<1914-1975>.$0(OLS)http://semarc/name/2757 245 10$aOrigine e valore degli Atti dei Martiri. 773 0 $t[Gennaio-Dicembre].$g139-146$w()274248 996 $6245$aOrigine e valore degli Atti dei Martiri$9(OLS)http://semarc/title/388426